[Event "AXL Abertura da Época 2011/2012"]
[Site "?"]
[Date "2011.11.08"]
[Round "1.1"]
[White "Diogo, Vasco"]
[Black "Curado, Manuel Joao Ferro"]
[Result "1-0"]
[WhiteElo "2292"]
[BlackElo "1907"]
[PlyCount "71"]
[EventDate "2011.11.08"]

1. e4 g6 2. d4 Bg7 3. Nf3 c5 4. dxc5 Qa5+ 5. c3 Qxc5 6. Be3 Qc7 7. Nbd2 Nf6 8.
Nd4 a6 9. Be2 d6 10. O-O Nbd7 11. f4 Nc5 12. Bf3 e5 13. Ne2 Ng4 14. Bxg4 Bxg4
15. h3 Bd7 16. f5 gxf5 17. exf5 h5 18. b4 Ba4 19. Qe1 Nd7 20. Qh4 Bh6 21. Bxh6
Rxh6 22. Qg5 Rh8 23. Rae1 Qd8 24. Qxd8+ Rxd8 25. c4 Nf6 26. Nc3 Bc6 27. b5 axb5
28. cxb5 Bd7 29. a4 Rc8 30. Nde4 Nxe4 31. Nxe4 Rc2 32. Nxd6+ Ke7 33. Rd1 Rg8
34. Rf2 Rxf2 35. Kxf2 Rg5 36. f6+ 1-0

[Event "AXL Abertura da Época 2011/2012"]
[Site "?"]
[Date "2011.11.08"]
[Round "1.2"]
[White "Rodrigues, Afonso"]
[Black "Aguiar, Carlos Alberto Branc"]
[Result "1/2-1/2"]
[WhiteElo "2165"]
[BlackElo "1910"]
[PlyCount "88"]
[EventDate "2011.11.08"]

1. d4 Nf6 2. Bf4 e6 3. Nf3 b6 4. e3 Bb7 5. Nbd2 Be7 6. Bd3 O-O 7. c3 c5 8. Ng5
h6 9. Nge4 Nxe4 10. Nxe4 Bxe4 11. Bxe4 d5 12. Bc2 Bd6 13. Qd3 f5 14. Be5 c4 15.
Qe2 Bxe5 16. dxe5 Nd7 17. f4 Nc5 18. h4 b5 19. g4 Ne4 20. Bxe4 dxe4 21. Rd1 Qe7
22. g5 Rad8 23. Rd4 Rxd4 24. exd4 Kh7 25. Rg1 a5 26. Qg2 g6 27. h5 hxg5 28.
hxg6+ Kg7 29. Rh1 Rh8 30. Rxh8 Kxh8 31. Qh2+ Kg8 32. fxg5 Qg7 33. Qh6 f4 34.
Ke2 b4 35. a3 bxa3 36. bxa3 Qb7 37. g7 Qb2+ 38. Kf1 Qc1+ 39. Kg2 Qd2+ 40. Kh3
Qe3+ 41. Kg4 Qg3+ 42. Kh5 Qh3+ 43. Kg6 Qf5+ 44. Kh5 Qh3+ 1/2-1/2

[Event "AXL Abertura da Época 2011/2012"]
[Site "?"]
[Date "2011.11.08"]
[Round "1.3"]
[White "Fernandes, Alberto"]
[Black "Silva, Miguel Antonio Neto"]
[Result "0-1"]
[WhiteElo "2156"]
[BlackElo "1922"]
[PlyCount "64"]
[EventDate "2011.11.08"]

1. d4 Nf6 2. c4 g6 3. Nc3 Bg7 4. e4 d6 5. Nf3 O-O 6. Be2 e5 7. O-O Nc6 8. d5
Ne7 9. Ne1 Nd7 10. Nd3 f5 11. f3 f4 12. Bd2 g5 13. b4 Ng6 14. c5 Rf7 15. Rc1
Nf6 16. Nf2 h5 17. Rc2 Bf8 18. cxd6 cxd6 19. a4 Rg7 20. a5 g4 21. fxg4 hxg4 22.
Nxg4 Nxg4 23. Bxg4 Nh4 24. Bf3 Nxf3+ 25. Qxf3 Bg4 26. Qd3 Rc8 27. Kh1 Qh4 28.
Be1 Qh5 29. Nb1 Rxc2 30. Qxc2 Rh7 31. g3 Bf3+ 32. Kg1 Bxe4 0-1

[Event "AXL Abertura da Época 2011/2012"]
[Site "?"]
[Date "2011.11.08"]
[Round "1.4"]
[White "Rego, Pedro Filipe"]
[Black "Nanques, Helder Manuel Pereir"]
[Result "1-0"]
[WhiteElo "2143"]
[BlackElo "1967"]
[PlyCount "61"]
[EventDate "2011.11.08"]

1. g3 g6 2. Bg2 Bg7 3. Nf3 Nf6 4. O-O O-O 5. c4 c6 6. d4 d5 7. Nc3 Bg4 8. Ne5
Bc8 9. cxd5 Nxd5 10. Nxd5 cxd5 11. Qb3 e6 12. Be3 f6 13. Nd3 Qb6 14. Qa3 Nc6
15. Nc5 Qb4 16. Qd3 Rd8 17. a3 Qb6 18. b4 Bd7 19. Rac1 Ne7 20. a4 a6 21. Bf4
Kf7 22. a5 Qa7 23. Bc7 Bb5 24. Qe3 e5 25. dxe5 Re8 26. exf6 Bxf6 27. Qf4 Bc6
28. e4 dxe4 29. Bxe4 Rac8 30. Bxc6 g5 31. Qc4+ 1-0

[Event "AXL Abertura da Época 2011/2012"]
[Site "?"]
[Date "2011.11.08"]
[Round "1.5"]
[White "Vasconcellos, Renato Fialho"]
[Black "Morais, Vitor"]
[Result "1/2-1/2"]
[WhiteElo "2054"]
[BlackElo "2024"]
[PlyCount "104"]
[EventDate "2011.11.08"]

1. c4 e5 2. g3 f5 3. d4 exd4 4. Nf3 c5 5. Bg2 Nf6 6. O-O Be7 7. e3 dxe3 8. Bxe3
O-O 9. Nc3 Nc6 10. Re1 d6 11. Nd5 Nxd5 12. Qxd5+ Kh8 13. Bf4 g5 14. Bd2 Bf6 15.
Rad1 g4 16. Nh4 Bxb2 17. Bh6 Bg7 18. Bxg7+ Kxg7 19. Qxd6 Qxd6 20. Rxd6 Na5 21.
Bd5 Rf6 22. Rd8 Rf8 23. Re7+ Kf6 24. Rxf8+ Kxe7 25. Rh8 Kf6 26. Rxh7 Ke5 27.
Rh8 Rb8 28. Re8+ Kf6 29. Rf8+ Ke7 30. Rf7+ Kd6 31. Rf8 Ke7 32. Ng6+ Kd6 33. Nf4
Nc6 34. h4 gxh3 35. Kh2 Nd4 36. Kxh3 Kc7 37. Rf7+ Kd6 38. Kh4 Bd7 39. Kg5 a6
40. Rf6+ Kc7 41. Ne6+ Bxe6 42. Bxe6 b5 43. Bxf5 bxc4 44. Rxa6 Nxf5 45. Kxf5
Rf8+ 46. Ke4 Rxf2 47. Ra3 Kc6 48. Rc3 Kb5 49. a3 Rg2 50. Kf3 Ra2 51. g4 Kc6 52.
Ke4 Rg2 1/2-1/2

[Event "AXL Abertura da Época 2011/2012"]
[Site "?"]
[Date "2011.11.11"]
[Round "2.1"]
[White "Curado, Manuel Joao Ferro"]
[Black "Morais, Vitor"]
[Result "0-1"]
[WhiteElo "1907"]
[BlackElo "2024"]
[PlyCount "82"]
[EventDate "2011.11.08"]

1. e4 c5 2. Nf3 Nc6 3. d4 cxd4 4. Nxd4 Nf6 5. Nc3 e5 6. Ndb5 d6 7. Bg5 a6 8.
Na3 b5 9. Nd5 Be7 10. Nxe7 Nxe7 11. c3 Nxe4 12. Bxe7 Qxe7 13. Nxb5 Rb8 14. Qa4
O-O 15. Qxe4 axb5 16. Bd3 f5 17. Qe2 Bb7 18. O-O Bc6 19. Rad1 d5 20. Bc2 e4 21.
Bb3 Rbd8 22. Rd4 Rf6 23. Rfd1 Rfd6 24. g3 g5 25. a3 Kh8 26. Qd2 Qf6 27. Bc2 Be8
28. b3 Bh5 29. Re1 Bf3 30. Bd1 g4 31. Be2 Qh6 32. Qxh6 Rxh6 33. Bxb5 Rdd6 34.
h4 gxh3 35. Kh2 f4 36. c4 fxg3+ 37. fxg3 dxc4 38. Rxd6 Rxd6 39. Bxc4 Bg4 40.
Kh1 Rd2 41. Bf1 Bf3+ 0-1

[Event "AXL Abertura da Época 2011/2012"]
[Site "?"]
[Date "2011.11.11"]
[Round "2.2"]
[White "Nanques, Helder Manuel Pereir"]
[Black "Vasconcellos, Renato Fialho"]
[Result "0-1"]
[WhiteElo "1967"]
[BlackElo "2054"]
[PlyCount "96"]
[EventDate "2011.11.08"]

1. f4 d5 2. Nf3 Nf6 3. e3 g6 4. b3 Bg7 5. Bb2 O-O 6. Bd3 Nbd7 7. O-O Nc5 8. Be2
c6 9. b4 Nce4 10. Bd4 Bg4 11. Ne5 Bxe2 12. Qxe2 e6 13. d3 Nd6 14. Nd2 Nd7 15.
Ndf3 f6 16. Nxd7 Qxd7 17. Bc5 b6 18. Bxd6 Qxd6 19. Rab1 e5 20. f5 Bh6 21. Nh4
Kg7 22. e4 dxe4 23. dxe4 Qd2 24. Qxd2 Bxd2 25. Kf2 Rad8 26. Nf3 gxf5 27. exf5
e4 28. Nxd2 Rxd2+ 29. Ke3 Rxc2 30. Rf2 Rc4 31. Rb3 Re8 32. g4 Rd8 33. Rf4 Rdd4
34. a3 Kf7 35. h3 Ke7 36. Rf2 Kd6 37. Rg2 Ke5 38. h4 Rd1 39. Rf2 Rh1 40. Kd2
Rxh4 41. Rg3 h6 42. Re3 Rxg4 43. Rh3 Rf4 44. Re2 Rxf5 45. Rxh6 Rf3 46. Rh8 f5
47. Re8+ Kf4 48. a4 Rxb4 0-1

[Event "AXL Abertura da Época 2011/2012"]
[Site "?"]
[Date "2011.11.11"]
[Round "2.3"]
[White "Silva, Miguel Antonio Neto"]
[Black "Rego, Pedro Filipe"]
[Result "1/2-1/2"]
[WhiteElo "1922"]
[BlackElo "2143"]
[PlyCount "46"]
[EventDate "2011.11.08"]

1. d4 e6 2. c4 Nf6 3. Nf3 b6 4. g3 Bb7 5. Bg2 Bb4+ 6. Nbd2 O-O 7. O-O d6 8. Nb1
d5 9. Ne5 Bd6 10. Nc3 Nbd7 11. Nxd7 Qxd7 12. Bg5 Ne4 13. Nxe4 dxe4 14. Qc2 f6
15. Be3 f5 16. c5 bxc5 17. dxc5 Be5 18. Rfd1 Bd5 19. Bd4 Bxd4 20. Rxd4 c6 21.
e3 e5 22. Rd2 Qe6 23. b3 Rf7 1/2-1/2

[Event "AXL Abertura da Época 2011/2012"]
[Site "?"]
[Date "2011.11.11"]
[Round "2.4"]
[White "Aguiar, Carlos Alberto Branc"]
[Black "Fernandes, Alberto"]
[Result "0-1"]
[WhiteElo "1910"]
[BlackElo "2156"]
[PlyCount "52"]
[EventDate "2011.11.08"]

1. d4 c5 2. d5 e6 3. c4 b5 4. dxe6 fxe6 5. cxb5 d5 6. e4 d4 7. Bc4 Nf6 8. e5
Nd5 9. Nf3 Be7 10. Nbd2 O-O 11. Bxd5 Qxd5 12. Qb3 Qxb3 13. axb3 Bd7 14. Nc4
Bxb5 15. Nb6 Nc6 16. Nxa8 Rxa8 17. Bd2 Bd3 18. Bg5 Bf8 19. Kd2 Be4 20. Rhe1 Bd5
21. Ra3 Rb8 22. Kc2 c4 23. Ra4 Nb4+ 24. Kd1 Nd3 25. Re2 c3 26. Nxd4 cxb2 0-1

[Event "AXL Abertura da Época 2011/2012"]
[Site "?"]
[Date "2011.11.11"]
[Round "2.5"]
[White "Diogo, Vasco"]
[Black "Rodrigues, Afonso"]
[Result "0-1"]
[WhiteElo "2292"]
[BlackElo "2165"]
[PlyCount "104"]
[EventDate "2011.11.08"]

1. e4 d5 2. exd5 Qxd5 3. Nc3 Qa5 4. d4 Nf6 5. Bc4 Bg4 6. f3 Bf5 7. Qe2 Nc6 8.
Bb5 O-O-O 9. Bxc6 bxc6 10. Qc4 e5 11. dxe5 Qxe5+ 12. Nge2 Bc5 13. Bf4 Qe7 14.
b4 Bb6 15. Na4 Be3 16. Nc5 Rd4 17. Qa6+ Kd8 18. Nxd4 Bxd4+ 19. Kd2 Nd5 20. Rae1
Bc3+ 21. Kd1 Bxc2+ 22. Kxc2 Bxe1 23. Nb7+ Kd7 24. Qd3 Kc8 25. Kd1 Nc3+ 26. Kc2
Kxb7 27. b5 Rd8 28. bxc6+ Ka8 29. Qa6 Rb8 30. Bxc7 Qxc7 31. Rxe1 Nd5 32. a3 Qc8
33. Qc4 Qf5+ 34. Qe4 Qxe4+ 35. fxe4 Ne7 36. Rf1 f6 37. e5 Rc8 38. exf6 Rxc6+
39. Kd3 Rxf6 40. Re1 Nc6 41. Re3 Kb7 42. Rg3 g6 43. Ke4 Kc7 44. Rh3 h5 45. Rc3
Kd6 46. Rd3+ Kc5 47. Rc3+ Kb5 48. Kd5 Ne7+ 49. Ke5 Rc6 50. Rb3+ Ka4 51. Rf3 a5
52. Kd4 Rc2 0-1

[Event "AXL Abertura da Época 2011/2012"]
[Site "?"]
[Date "2011.11.15"]
[Round "3.1"]
[White "Rodrigues, Afonso"]
[Black "Curado, Manuel Joao Ferro"]
[Result "1-0"]
[WhiteElo "2165"]
[BlackElo "1907"]
[PlyCount "99"]
[EventDate "2011.11.08"]

1. d4 Nf6 2. Nf3 e6 3. Bf4 b6 4. e3 Bb7 5. Nbd2 Be7 6. Bd3 d5 7. Ne5 Nbd7 8. c3
Nxe5 9. dxe5 Nd7 10. Qg4 Nc5 11. Bc2 g5 12. b4 h5 13. Qg3 gxf4 14. Qg7 Rf8 15.
bxc5 Qd7 16. cxb6 cxb6 17. Qh6 fxe3 18. Qxe3 Bc5 19. Qe2 O-O-O 20. Nb3 d4 21.
O-O-O Ba3+ 22. Kb1 Qc6 23. c4 Ba6 24. Be4 Qc7 25. Bd3 Rg8 26. g3 Kb8 27. Rd2
Qe7 28. Rhd1 Bb4 29. Rc2 Bc3 30. c5 Bxd3 31. Qxd3 bxc5 32. Qb5+ Ka8 33. Qc6+
Qb7 34. Qxb7+ Kxb7 35. Nxc5+ Kc6 36. Ne4 Rb8+ 37. Kc1 Rgc8 38. Rd3 Kb6 39. Nxc3
dxc3 40. Rdxc3 Rxc3 41. Rxc3 Rd8 42. Kc2 Rd4 43. f4 h4 44. Rd3 Rc4+ 45. Kb3 Re4
46. Rd7 Re3+ 47. Kc4 hxg3 48. hxg3 Rxg3 49. Rxf7 Kc6 50. Rxa7 1-0

[Event "AXL Abertura da Época 2011/2012"]
[Site "?"]
[Date "2011.11.15"]
[Round "3.2"]
[White "Fernandes, Alberto"]
[Black "Diogo, Vasco"]
[Result "0-1"]
[WhiteElo "2156"]
[BlackElo "2292"]
[PlyCount "31"]
[EventDate "2011.11.08"]

1. b3 d5 2. Bb2 c5 3. e3 Nc6 4. Bb5 Nf6 5. f4 g6 6. Nf3 Bg7 7. O-O O-O 8. Bxc6
bxc6 9. Ne5 Qc7 10. d3 Ng4 11. Qe2 Nxe5 12. fxe5 Bxe5 13. Bxe5 Qxe5 14. Nd2 a5
15. a4 Ba6 16. Rf4 0-1

[Event "AXL Abertura da Época 2011/2012"]
[Site "?"]
[Date "2011.11.15"]
[Round "3.3"]
[White "Rego, Pedro Filipe"]
[Black "Aguiar, Carlos Alberto Branc"]
[Result "1-0"]
[WhiteElo "2143"]
[BlackElo "1910"]
[PlyCount "33"]
[EventDate "2011.11.08"]

1. g3 d5 2. Bg2 c5 3. Nf3 Nc6 4. d4 cxd4 5. Nxd4 e5 6. Nxc6 bxc6 7. c4 Bb4+ 8.
Nc3 Bxc3+ 9. bxc3 Ne7 10. O-O Be6 11. Ba3 O-O 12. e4 Re8 13. Bxe7 Rxe7 14. cxd5
cxd5 15. exd5 Rd7 16. dxe6 Rxd1 17. Rfxd1 1-0

[Event "AXL Abertura da Época 2011/2012"]
[Site "?"]
[Date "2011.11.15"]
[Round "3.4"]
[White "Vasconcellos, Renato Fialho"]
[Black "Silva, Miguel Antonio Neto"]
[Result "0-1"]
[WhiteElo "2054"]
[BlackElo "1922"]
[PlyCount "58"]
[EventDate "2011.11.08"]

1. c4 e5 2. g3 Nc6 3. Bg2 f5 4. d3 Nf6 5. Nf3 Bb4+ 6. Nfd2 O-O 7. O-O Bxd2 8.
Bxd2 d6 9. e3 a5 10. Nc3 Be6 11. Qb3 e4 12. dxe4 a4 13. Qc2 Bxc4 14. Rfc1 Nb4
15. Qd1 Nd3 16. Rc2 fxe4 17. Nxe4 Nxe4 18. Bxe4 d5 19. Be1 dxe4 20. Rxc4 Qf6
21. Qe2 a3 22. Bc3 Qxf2+ 23. Qxf2 Rxf2 24. bxa3 c5 25. a4 Rc2 26. Rd1 b5 27.
axb5 Raxa2 28. Rd2 Rxd2 29. Bxd2 Rxd2 0-1

[Event "AXL Abertura da Época 2011/2012"]
[Site "?"]
[Date "2011.11.15"]
[Round "3.5"]
[White "Morais, Vitor"]
[Black "Nanques, Helder Manuel Pereir"]
[Result "1/2-1/2"]
[WhiteElo "2024"]
[BlackElo "1967"]
[PlyCount "45"]
[EventDate "2011.11.08"]

1. e4 e6 2. d4 d5 3. Nd2 Nf6 4. e5 Nfd7 5. Bd3 c5 6. c3 Nc6 7. Ne2 Qb6 8. Nf3
Be7 9. O-O Nf8 10. dxc5 Bxc5 11. b4 Be7 12. a4 Ng6 13. a5 Qc7 14. Bxg6 hxg6 15.
Bf4 Bd7 16. Qd2 O-O 17. Ned4 Nxd4 18. Nxd4 Rfc8 19. Rfc1 Qc4 20. Be3 Rc7 21.
Qe2 a6 22. Kf1 Rac8 23. Ke1 1/2-1/2

[Event "AXL Abertura da Época 2011/2012"]
[Site "?"]
[Date "2011.11.16"]
[Round "4.1"]
[White "Curado, Manuel Joao Ferro"]
[Black "Nanques, Helder Manuel Pereir"]
[Result "0-1"]
[WhiteElo "1907"]
[BlackElo "1967"]
[PlyCount "138"]
[EventDate "2011.11.08"]

1. d4 f5 2. c4 Nf6 3. Nc3 e6 4. Nf3 Bb4 5. a3 Bxc3+ 6. bxc3 O-O 7. g3 b6 8. Bg2
Bb7 9. O-O d6 10. Qb3 Nbd7 11. Rd1 Qe7 12. a4 Ne4 13. a5 Kh8 14. a6 Bc6 15. Ba3
Ndf6 16. Ne5 Qe8 17. Nxc6 Qxc6 18. f3 Ng5 19. h4 Nf7 20. Re1 Qd7 21. e4 fxe4
22. fxe4 e5 23. Qd1 Rae8 24. c5 Rg8 25. Ra2 g5 26. h5 g4 27. Rf2 Nxh5 28. Ref1
Ng5 29. Kh2 exd4 30. Qxd4+ Ng7 31. cxd6 c5 32. Qd5 Nf3+ 33. Bxf3 gxf3 34. Rxf3
Re6 35. Rf6 Rxf6 36. Rxf6 Qg4 37. Rf2 Ne6 38. Qe5+ Qg7 39. Qxg7+ Kxg7 40. c4
Rf8 41. Bb2+ Kg6 42. Rxf8 Nxf8 43. Kh3 Kg5 44. Kg2 Kg4 45. Kf2 h5 46. Bc3 Nd7
47. Bg7 Nb8 48. Ke3 Nd7 49. Bc3 Nb8 50. Be5 Nd7 51. Bf4 Nb8 52. Bh6 Nd7 53. Bg7
Nb8 54. Bf6 Nd7 55. Bd8 Kxg3 56. Be7 Kg4 57. Bd8 Ne5 58. Be7 Nxc4+ 59. Kd3 Ne5+
60. Kc3 Kf4 61. Bf6 Nd7 62. e5 Kf5 63. Kc4 Ke6 64. Kb5 Nxf6 65. exf6 Kxd6 66.
f7 Ke7 67. Kc6 c4 68. Kb7 c3 69. Kxa7 c2 0-1

[Event "AXL Abertura da Época 2011/2012"]
[Site "?"]
[Date "2011.11.16"]
[Round "4.2"]
[White "Silva, Miguel Antonio Neto"]
[Black "Morais, Vitor"]
[Result "1/2-1/2"]
[WhiteElo "1922"]
[BlackElo "2024"]
[PlyCount "33"]
[EventDate "2011.11.08"]

1. Nf3 Nf6 2. c4 e6 3. g3 b6 4. Bg2 Bb7 5. O-O c5 6. Nc3 Be7 7. b3 O-O 8. Bb2
d6 9. d4 Nbd7 10. Rc1 Ne4 11. Qd3 Nxc3 12. Bxc3 f5 13. Qe3 Be4 14. dxc5 Nxc5
15. Nd4 Bxg2 16. Kxg2 Qd7 17. Bb4 1/2-1/2

[Event "AXL Abertura da Época 2011/2012"]
[Site "?"]
[Date "2011.11.16"]
[Round "4.4"]
[White "Diogo, Vasco"]
[Black "Rego, Pedro Filipe"]
[Result "1-0"]
[WhiteElo "2292"]
[BlackElo "2143"]
[PlyCount "87"]
[EventDate "2011.11.08"]

1. e4 c5 2. Nf3 Nc6 3. d4 cxd4 4. Nxd4 g6 5. c4 Bg7 6. Be3 Nf6 7. Nc3 d6 8. Be2
O-O 9. O-O Bd7 10. Rb1 Nxd4 11. Bxd4 Bc6 12. f3 a5 13. b3 Nd7 14. Bxg7 Kxg7 15.
Qd4+ Kg8 16. Rfe1 Nc5 17. a3 e5 18. Qe3 Ne6 19. Bd1 f5 20. exf5 gxf5 21. Ne2 f4
22. Qf2 e4 23. fxe4 Bxe4 24. Nd4 Ng5 25. Rb2 Bg6 26. Ne6 Nxe6 27. Rxe6 Bf5 28.
Re1 Qg5 29. Bf3 Rae8 30. Bd5+ Kg7 31. Rbe2 Rxe2 32. Qxe2 Rf6 33. Qe7+ Kh6 34.
Rf1 Bg6 35. Re1 b6 36. Bf3 Qc5+ 37. Kh1 Rf7 38. Qh4+ Kg7 39. Bd5 Rf5 40. Re7+
Kh8 41. Be4 Qd4 42. Bxf5 Bxf5 43. Re1 Be4 44. Qd8+ 1-0

[Event "AXL Abertura da Época 2011/2012"]
[Site "?"]
[Date "2011.11.16"]
[Round "4.5"]
[White "Rodrigues, Afonso"]
[Black "Fernandes, Alberto"]
[Result "1-0"]
[WhiteElo "2165"]
[BlackElo "2156"]
[PlyCount "67"]
[EventDate "2011.11.08"]

1. d4 Nf6 2. Nf3 d5 3. Bf4 Bf5 4. e3 e6 5. c4 Bxb1 6. Qxb1 Bb4+ 7. Kd1 dxc4 8.
Bxc4 O-O 9. Ke2 Nbd7 10. Bd3 Bd6 11. Ne5 h6 12. a3 Qe7 13. Rc1 c5 14. Nxd7 Nxd7
15. Bxd6 Qxd6 16. dxc5 Nxc5 17. Bh7+ Kh8 18. b4 Na4 19. Qc2 b5 20. Be4 Rab8 21.
Qc7 Rbd8 22. Qxd6 Rxd6 23. Rc7 f5 24. Bc2 Nb2 25. Bb3 Nd3 26. Bxe6 f4 27. Rc8
f3+ 28. Kf1 Rxc8 29. Bxc8 fxg2+ 30. Kxg2 Rc6 31. Bf5 Nxf2 32. Rf1 Ng4 33. Bxg4
Rg6 34. Kh3 1-0

[Event "AXL Abertura da Época 2011/2012"]
[Site "?"]
[Date "2011.11.18"]
[Round "5.1"]
[White "Fernandes, Alberto"]
[Black "Curado, Manuel Joao Ferro"]
[Result "0-1"]
[WhiteElo "2156"]
[BlackElo "1907"]
[PlyCount "74"]
[EventDate "2011.11.08"]

1. e4 c5 2. Nf3 Nc6 3. d4 cxd4 4. Nxd4 Nf6 5. Nc3 e6 6. Ndb5 d6 7. Bf4 e5 8.
Bg5 a6 9. Bxf6 gxf6 10. Na3 Be6 11. Nc4 Nd4 12. Ne3 Bh6 13. Bd3 Rg8 14. Qh5 Rg6
15. Nf5 Qb6 16. Nd1 Bf4 17. c3 Bxf5 18. exf5 Rxg2 19. cxd4 Ke7 20. Bc4 Qb4+ 21.
Kf1 Qxc4+ 22. Kxg2 Qd5+ 23. Kf1 Qxh1+ 24. Ke2 Qe4+ 25. Ne3 Rc8 26. Kf1 Bxe3 27.
Re1 Qd3+ 28. Re2 Bxd4 29. Qg4 Rc1+ 30. Kg2 Qd1 31. Kh3 Bc5 32. Qf3 Qh1 33. Qb3
Rg1 34. f3 Rg5 35. Qxb7+ Kf8 36. Qe4 Qf1+ 37. Kh4 Bf2+ 0-1

[Event "AXL Abertura da Época 2011/2012"]
[Site "?"]
[Date "2011.11.18"]
[Round "5.2"]
[White "Rego, Pedro Filipe"]
[Black "Rodrigues, Afonso"]
[Result "0-1"]
[WhiteElo "2143"]
[BlackElo "2165"]
[PlyCount "96"]
[EventDate "2011.11.08"]

1. d4 d5 2. c4 e6 3. Nc3 c6 4. Nf3 dxc4 5. e3 b5 6. a4 Bb4 7. Bd2 a5 8. axb5
Bxc3 9. Bxc3 cxb5 10. b3 Bb7 11. bxc4 b4 12. Bd2 Nf6 13. Bd3 Nbd7 14. O-O O-O
15. Qc2 Re8 16. Rfd1 Qc7 17. c5 e5 18. Bb5 Bc6 19. Bxc6 Qxc6 20. dxe5 Nxe5 21.
Nd4 Qc7 22. Nb5 Qc6 23. Nd6 Reb8 24. f4 b3 25. Qc3 Ned7 26. Qc4 Qd5 27. Qxd5
Nxd5 28. e4 Ne7 29. Rxa5 Rxa5 30. Bxa5 Nxc5 31. Rb1 Nc6 32. Bc3 Na4 33. Bb2 Nb4
34. Bxg7 Kxg7 35. Rxb3 Nc5 36. Rg3+ Kf8 37. e5 Nbd3 38. h3 Rb1+ 39. Kh2 Rf1 40.
Rf3 Rxf3 41. gxf3 Nxf4 42. Kg3 Ng6 43. Kg4 Nxe5+ 44. Kh5 f6 45. f4 Nf7 46. Nb5
Ne6 47. f5 Ng7+ 48. Kg4 Nh6+ 0-1

[Event "AXL Abertura da Época 2011/2012"]
[Site "?"]
[Date "2011.11.18"]
[Round "5.3"]
[White "Vasconcellos, Renato Fialho"]
[Black "Diogo, Vasco"]
[Result "1/2-1/2"]
[WhiteElo "2054"]
[BlackElo "2292"]
[PlyCount "119"]
[EventDate "2011.11.08"]

1. c4 Nf6 2. g3 g6 3. Bg2 Bg7 4. Nf3 O-O 5. O-O d6 6. Nc3 e5 7. d3 c6 8. Qc2
Re8 9. Rb1 a5 10. a3 d5 11. Rd1 Qe7 12. cxd5 Nxd5 13. Ng5 Nc7 14. b4 axb4 15.
axb4 h6 16. Nf3 Nd5 17. Nxd5 cxd5 18. Be3 Be6 19. Qc5 Qd7 20. Ra1 Na6 21. Qb6
Bg4 22. b5 Re6 23. Qa5 Nc7 24. Qd2 Rxa1 25. Rxa1 Kh7 26. b6 Nb5 27. Qb4 Bxf3
28. exf3 e4 29. Rd1 Nc3 30. Rd2 exf3 31. Bxf3 d4 32. Bf4 Nd5 33. Bxd5 Qxd5 34.
Rd1 Qf3 35. Qb3 Rxb6 36. Qxb6 Qxd1+ 37. Kg2 Qxd3 38. Qxb7 Qc4 39. Qe4 Qc5 40.
h4 Qb5 41. Qe7 Qd5+ 42. Kg1 d3 43. Bd2 Qf3 44. Qe3 Qxe3 45. fxe3 h5 46. Kf2 f5
47. Kf3 Bh6 48. Bc3 Kg8 49. Be5 Kf7 50. Bf4 Bg7 51. e4 Bd4 52. exf5 gxf5 53.
Be3 Bc3 54. Bf4 Be1 55. Ke3 d2 56. Ke2 Ke6 57. Bxd2 Bxg3 58. Bg5 Be5 59. Be3
Bg3 60. Bg5 1/2-1/2

[Event "AXL Abertura da Época 2011/2012"]
[Site "?"]
[Date "2011.11.18"]
[Round "5.4"]
[White "Morais, Vitor"]
[Black "Aguiar, Carlos Alberto Branc"]
[Result "1-0"]
[WhiteElo "2024"]
[BlackElo "1910"]
[PlyCount "47"]
[EventDate "2011.11.08"]

1. Nf3 Nf6 2. c4 g6 3. g3 Bg7 4. Bg2 c6 5. Nc3 O-O 6. O-O d5 7. cxd5 cxd5 8. d4
Nc6 9. e3 e6 10. b3 Re8 11. Bb2 b6 12. Rc1 Bb7 13. Ne5 Nxe5 14. dxe5 Nd7 15.
Nb5 Ba6 16. Nc7 Bxf1 17. Bxf1 Nxe5 18. Bb5 Rc8 19. Bxe5 Bxe5 20. Nxe8 a6 21.
Bc6 Bb2 22. Rc2 Ba3 23. Qd4 Bc5 24. Qg7# 1-0

[Event "AXL Abertura da Época 2011/2012"]
[Site "?"]
[Date "2011.11.18"]
[Round "5.5"]
[White "Nanques, Helder Manuel Pereir"]
[Black "Silva, Miguel Antonio Neto"]
[Result "0-1"]
[WhiteElo "1967"]
[BlackElo "1922"]
[PlyCount "86"]
[EventDate "2011.11.08"]

1. e4 c5 2. Nf3 g6 3. Be2 Nc6 4. O-O Bg7 5. Nc3 d6 6. Rb1 Nf6 7. d3 O-O 8. Be3
Ng4 9. Bg5 h6 10. Bd2 a6 11. Nd5 b5 12. h3 Nf6 13. Nxf6+ exf6 14. Qc1 Kh7 15.
Nh2 Be6 16. b3 Nd4 17. Bd1 b4 18. c4 bxc3 19. Bxc3 f5 20. Bxd4 Bxd4 21. Nf3 Bg7
22. Qa3 a5 23. Bc2 Qb6 24. Nh4 fxe4 25. dxe4 d5 26. exd5 Bxd5 27. Rbd1 Bd4 28.
Rd3 Qf6 29. Nf3 Rac8 30. Nxd4 cxd4 31. Rd2 Qg5 32. f4 Qg3 33. Bd1 Rfe8 34. Rdf2
Qc3 35. f5 g5 36. Kh2 Qc7+ 37. Kh1 Re3 38. Bf3 Bxf3 39. Rxf3 Rxf3 40. Rxf3 Qe5
41. Qb2 Rc3 42. Rf1 Qe4 43. Kh2 Rc2 0-1

[Event "AXL Abertura da Época 2011/2012"]
[Site "?"]
[Date "2011.11.22"]
[Round "6.1"]
[White "Curado, Manuel Joao Ferro"]
[Black "Silva, Miguel Antonio Neto"]
[Result "0-1"]
[WhiteElo "1907"]
[BlackElo "1922"]
[PlyCount "48"]
[EventDate "2011.11.08"]

1. d4 Nf6 2. c4 g6 3. Nc3 Bg7 4. g3 d6 5. Bg2 O-O 6. Nf3 a6 7. O-O Nc6 8. e4
Bg4 9. h3 Bxf3 10. Bxf3 Nd7 11. Be3 e5 12. d5 Nd4 13. Bg2 c5 14. Qd2 Rb8 15. f4
b5 16. b3 bxc4 17. bxc4 Qa5 18. Rab1 Qxc3 19. Qxc3 Ne2+ 20. Kh2 Nxc3 21. Rb3
Rxb3 22. axb3 Rb8 23. Ra1 Rxb3 24. Rxa6 Nxe4 0-1

[Event "AXL Abertura da Época 2011/2012"]
[Site "?"]
[Date "2011.11.22"]
[Round "6.2"]
[White "Aguiar, Carlos Alberto Branc"]
[Black "Nanques, Helder Manuel Pereir"]
[Result "1/2-1/2"]
[WhiteElo "1910"]
[BlackElo "1967"]
[PlyCount "102"]
[EventDate "2011.11.08"]

1. d4 Nf6 2. c4 g6 3. g3 Bg7 4. Bg2 c6 5. e4 d6 6. Nc3 O-O 7. Nf3 Nbd7 8. O-O
Nb6 9. Qe2 Bg4 10. h3 Bxf3 11. Bxf3 Nfd7 12. Be3 Qc8 13. Bg2 c5 14. dxc5 Nxc5
15. Rac1 Nbd7 16. Nd5 Qd8 17. Rfd1 a5 18. b3 Rb8 19. Nc3 Qc8 20. Nd5 Qd8 21. h4
Ne6 22. Bh3 b6 23. f4 Re8 24. Qf2 Nec5 25. Bg2 Qc8 26. Kh2 Nf6 27. Nxf6+ Bxf6
28. Rd5 Qc7 29. Rcd1 Bg7 30. Qc2 Na6 31. Qf2 Nc5 32. Bf3 Kh8 33. Kg2 Kg8 34. h5
Rbd8 35. hxg6 hxg6 36. Rh1 e6 37. Rdd1 f6 38. g4 e5 39. f5 g5 40. Rh5 Kf7 41.
Bxc5 bxc5 42. Qd2 Qc6 43. Qxa5 Ra8 44. Qd2 Ra6 45. Kg3 Rea8 46. Qd5+ Qxd5 47.
Rxd5 Rxa2 48. Rxd6 Rb2 49. Rb6 Ra3 50. Rb7+ Kg8 51. Rb8+ Bf8 1/2-1/2

[Event "AXL Abertura da Época 2011/2012"]
[Site "?"]
[Date "2011.11.22"]
[Round "6.3"]
[White "Diogo, Vasco"]
[Black "Morais, Vitor"]
[Result "1-0"]
[WhiteElo "2292"]
[BlackElo "2024"]
[PlyCount "99"]
[EventDate "2011.11.08"]

1. e4 c5 2. Nf3 Nc6 3. d3 d6 4. g3 g6 5. Bg2 Bg7 6. O-O e6 7. c3 Nge7 8. d4
cxd4 9. cxd4 O-O 10. Nc3 f5 11. exf5 Nxf5 12. d5 exd5 13. Qxd5+ Kh8 14. Ng5 Qe7
15. Bf4 h6 16. Rfe1 hxg5 17. Rxe7 Ncxe7 18. Qe4 gxf4 19. g4 d5 20. Qe1 f3 21.
gxf5 Nxf5 22. Bxf3 Nd4 23. Bxd5 Bg4 24. Qe7 Rae8 25. Qh4+ Bh5 26. Rd1 Nf3+ 27.
Bxf3 Rxf3 28. Rd5 Rf7 29. Ne4 Kg8 30. Rd8 Rff8 31. Rxe8 Rxe8 32. Nf6+ Bxf6 33.
Qxf6 Rf8 34. Qe6+ Rf7 35. f4 a6 36. Kf2 Kg7 37. Qe5+ Kh7 38. Kg3 Kg8 39. Kh4
Kh7 40. f5 Bf3 41. f6 Bc6 42. Kg3 Rd7 43. h4 Rf7 44. Kf4 Rd7 45. b3 Rf7 46. Qe6
Rd7 47. Ke5 Bb5 48. f7 Kg7 49. Qf6+ Kf8 50. Ke6 1-0